Normal view
MARC view
Entry Personal Name
001 - CONTROL NUMBER
- control field: 15212
003 - CONTROL NUMBER IDENTIFIER
- control field: OSt
005 - DATE AND TIME OF LATEST TRANSACTION
- control field: 20211110104501.0
008 - FIXED-LENGTH DATA ELEMENTS
- fixed length control field: 211110|| aca||aabn | a|a d
040 ## - CATALOGING SOURCE
- Original cataloging agency: OSt
- Transcribing agency: OSt
100 ## - HEADING--PERSONAL NAME
- Personal name: edited by: Stephen, Devereux
670 ## - SOURCE DATA FOUND
- Source citation: Work cat.: (OSt): edited by: Stephen, Devereux, The new famines : , 2007
